| 000 | 00955nam a22002537a 4500 | ||
|---|---|---|---|
| 005 | 20170124103000.0 | ||
| 010 | _aB-067415 | ||
| 020 |
_c100.00 _a8187654767 |
||
| 035 | _aB-067415 | ||
| 037 | _bCen Lib/Ret | ||
| 040 |
_aDPL _bHN |
||
| 082 |
_aउ _bशर्माअ |
||
| 100 |
_aशर्मा, अजय _95680 |
||
| 245 |
_aखुली हुयी खिड़की / _cअजय शर्मा |
||
| 246 |
_aKhuli huyi khidki / _bby Ajay Sharma |
||
| 260 |
_bमनप्रीत प्रकाशन _aदिल्ली _c2002 |
||
| 270 |
_bदिल्ली _aगीता कॉलोनी _e110031 |
||
| 300 |
_a92पृ. _c20सेमी(सजिल्द ) |
||
| 650 |
_a हिंदी साहित्य _x _z _954453 |
||
| 650 |
_a हिंदी उपन्यास _954454 |
||
| 650 |
_aHindi literature _954455 |
||
| 650 |
_aHindi fiction _927248 |
||
| 942 |
_2ddc _cHN _hउ _mशर्माअ |
||
| 999 |
_c113912 _d113912 |
||